Cargando...

Managing quality for higher profits /

Detalles Bibliográficos
Autor Principal: Broh, Robert A.
Formato: Printed Book
Idioma:English
Publicado: New York : McGraw Hill, 1982.
LEADER 00495nam a22001457a 4500
008 161022b xxu||||| |||| 00| 0 eng d
999 |c 160105  |d 160105 
020 |a . 
082 |a 658.562  
100 |a Broh, Robert A. 
245 |a Managing quality for higher profits /  |c Robert A. Broh 
260 |b McGraw Hill,  |c 1982.  |a New York : 
300 |a 200 p. 
942 |c BK 
952 |0 0  |1 0  |4 0  |6 658_562000000000000_BRO_M  |7 0  |9 174745  |a CMS  |b CMS  |c ST1  |d 2016-10-22  |i 4807  |l 0  |o 658.562 BRO/M  |p CMS4807  |r 2016-10-22  |w 2016-10-22  |y BK